000 01790nam a22002777a 4500
999 _c63098
_d63098
003 Ge_BSU
005 20250602165902.0
008 250602s2021 ge ||||| |||| 00| 0 geo d
020 _a9789941313257
041 _ageo
080 _a51(075.8) მ-15
245 _aმათემატიკა:
_bმასწავლებლის წიგნი: მე-9 კლასი /
_cავტორები : გ. გოგიშვილი, თეიმურაზ ვეფხვაძე, ია მებონია, ლამარა ქურჩიშვილი; რედ. თეიმურაზ ვეფხვაძე,.
264 _aთბილისი:
_bინტელექტი,
_c2021.
300 _a 516 გვ.;
_b29 სმ.
500 _aგრიფმინიჭებულია საქართველოს განათლებისა და მეცნიერების სამინისტროს მიერ 2021 წელს.
504 _aბიბლიოგრაფია: გვ. 512-513
653 _aგანტოლება. განტოლებათა სისტემები
653 _aსტატისტიკა. ალბათობა
653 _aსივრცული ფიგურები
700 _aგოგიშვილი, გურამ
_eავტორი
_95601
700 _aვეფხვაძე, თეიმურაზ
_eავტორი
_925210
700 _aმებონია, ია
_eავტორი
_95603
700 _aქურჩიშვილი, ლამარა
_eავტორი
_925211
700 _aვეფხვაძე, თეიმურაზ
_eრედაქტორი
_925210
942 _2udc
_cᲬᲘᲒᲜᲘ